书目信息 |
| 题名: |
21世纪视野下的“新艺术”建筑与设计
|
|
| 作者: | 赵前, 著 | |
| 分册: | ||
| 出版信息: | 北京 中国建筑工业出版社 2012 |
|
| 页数: | 278页 | |
| 开本: | 24cm | |
| 丛书名: | ||
| 单 册: | ||
| 中图分类: | TU-80 | |
| 科图分类: | ||
| 主题词: | 建筑艺术--jian zhu yi shu--研究 | |
| 电子资源: | ||
| ISBN: | 978-7-112-14542-3 | |
| 000 | 00994nam0 2200253 450 | |
| 001 | 0100004612 | |
| 005 | 20191028104022.88 | |
| 010 | @a978-7-112-14542-3@dCNY69.00 | |
| 100 | @a20121226d2012 em y0chiy50 ea | |
| 101 | 0 | @achi |
| 102 | @aCN@b110000 | |
| 105 | @aa a 001yy | |
| 200 | 1 | @a21世纪视野下的“新艺术”建筑与设计@A21 shi ji shi ye xia de“xin yi shu”jian zhu yu she ji@e新艺术运动历史解析@f赵前著 |
| 210 | @a北京@c中国建筑工业出版社@d2012 | |
| 215 | @a278页@c图@d24cm | |
| 312 | @a英文题名取自封面 | |
| 320 | @a有书目 (第260-268页) 和索引 | |
| 330 | @a本书内容包括: 新艺术运动的历史背景、新艺术运动的缘起、新艺术运动的兴起、新艺术运动的国际化发展及其在20世纪的延续等。 | |
| 510 | 1 | @aArt nouveau architecture and design in view of the 21st century@ethe analysis of art nouveau history@zeng |
| 606 | 0 | @a建筑艺术@Ajian zhu yi shu@x研究 |
| 690 | @aTU-80@v5 | |
| 701 | 0 | @a赵前,@Azhao qian@f1975-@4著 |
| 801 | 0 | @aCN@c20150827 |
| 905 | @a河南城建学院图书馆@dTU-80@eZ315 | |
| 21世纪视野下的“新艺术”建筑与设计:新艺术运动历史解析/赵前著.-北京:中国建筑工业出版社,2012 |
| 278页:图;24cm |
| ISBN 978-7-112-14542-3:CNY69.00 |
| 本书内容包括: 新艺术运动的历史背景、新艺术运动的缘起、新艺术运动的兴起、新艺术运动的国际化发展及其在20世纪的延续等。 |
| ● |
| 相关链接 |
|
|
|
正题名:21世纪视野下的"新艺术"建筑与设计
索取号:TU-80/Z315
 
预约/预借
| 序号 | 登录号 | 条形码 | 馆藏地/架位号 | 状态 | 备注 |
| 1 | 1178772 | 211787725 | 建筑库101/101建筑库 16排2列5层/ [索取号:TU-80/Z315] | 在馆 | |
| 2 | 1178773 | 211787734 | 建筑库101/101建筑库 16排2列5层/ [索取号:TU-80/Z315] | 在馆 | |
| 3 | 1178774 | 211787743 | 建筑库101/101建筑库 16排2列5层/ [索取号:TU-80/Z315] | 在馆 | |
| 4 | 1454396 | 214543966 | 建筑库101/101建筑库 16排2列5层/ [索取号:TU-80/Z315] | 在馆 | |
| 5 | 1454397 | 214543975 | 建筑库101/101建筑库 16排2列5层/ [索取号:TU-80/Z315] | 在馆 | |
| 6 | 1454398 | 214543984 | 建筑库101/101建筑库 16排2列5层/ [索取号:TU-80/Z315] | 在馆 |